000 00889nmc a2200301 a 4500
003 AR-BaBNM
005 20251128204905.0
008 216019s1983 ||||||||||||||000 | spa||
020 _a84-277-0605-7
040 _cAR-BaBNM
100 1 _aCurwin, Richard L.
245 1 0 _aLa disciplina en clase
_bguía para la organización de la escuela y el aula
260 _aMadrid
_bNarcea
_c1983
300 0 _a255 p.
_btablas
490 0 _aEducación hoy
504 _aBibliografía al final del texto
650 4 _aDISCIPLINA ESCOLAR
650 4 _aRELACION ALUMNO-DOCENTE
650 4 _aRELACION ESCUELA-ALUMNOS
650 4 _aRELACION PADRES-DOCENTE
650 4 _aPROBLEMAS DISCIPLINARIOS
650 4 _aCOMPORTAMIENTO DEL ALUMNO
650 4 _aPSICOSOCIOLOGIA DE LA EDUCACION
650 4 _aPARTICIPACION DEL ALUMNO
700 1 _aMendler, Allen N.
942 _cBK
998 _cGrace
999 _c9221
_d9221